<?xml version="1.0" encoding="UTF-8"?>
<collection xmlns:xsi="http://www.w3.org/2001/XMLSchema-instance" xsi:schemaLocation="http://www.loc.gov/MARC21/slim http://www.loc.gov/standards/marcxml/schema/MARC21slim.xsd" xmlns="http://www.loc.gov/MARC21/slim">
 <record>
  <leader>00000cam a22000003i 4500</leader>
  <controlfield tag="001">UP-1685523046126284076</controlfield>
  <controlfield tag="003">Buklod</controlfield>
  <controlfield tag="005">20140901145206.0</controlfield>
  <controlfield tag="006">m    |o  d |      </controlfield>
  <controlfield tag="007">cr |||||||||||</controlfield>
  <controlfield tag="008">140901s2006    xx     d     r    |||| u|</controlfield>
  <datafield tag="035" ind1=" " ind2=" ">
   <subfield code="a">(iLib)UPMNL-00013193749</subfield>
  </datafield>
  <datafield tag="037" ind1=" " ind2=" ">
   <subfield code="a">CASM-27079</subfield>
   <subfield code="b">Solidaridad Bookshop</subfield>
   <subfield code="c">Php100.00</subfield>
  </datafield>
  <datafield tag="040" ind1=" " ind2=" ">
   <subfield code="a">COO</subfield>
   <subfield code="d">DML</subfield>
   <subfield code="b">CASM</subfield>
   <subfield code="e">rda</subfield>
  </datafield>
  <datafield tag="041" ind1="0" ind2=" ">
   <subfield code="a">eng</subfield>
  </datafield>
  <datafield tag="090" ind1=" " ind2=" ">
   <subfield code="a">DS 686.614 A15 2007</subfield>
  </datafield>
  <datafield tag="245" ind1="0" ind2="0">
   <subfield code="a">2006 Philippine politics in review</subfield>
   <subfield code="b">acompilation of CenPEG's Issue analysis</subfield>
   <subfield code="c">Board of directors: Bienvenido Lumbera ... [et al.].</subfield>
  </datafield>
  <datafield tag="246" ind1="3" ind2="0">
   <subfield code="a">Philippine politics in review</subfield>
  </datafield>
  <datafield tag="264" ind1=" " ind2="1">
   <subfield code="a">Quezon City</subfield>
   <subfield code="b">Center for People Empowerment in Governance, Policy Study, Publication &amp; Advocacy Program</subfield>
   <subfield code="c">c2006 [i.e. 2007]</subfield>
  </datafield>
  <datafield tag="300" ind1=" " ind2=" ">
   <subfield code="a">108 pages</subfield>
   <subfield code="b">illustrations</subfield>
  </datafield>
  <datafield tag="336" ind1=" " ind2=" ">
   <subfield code="a">text</subfield>
   <subfield code="2">rdacontent</subfield>
  </datafield>
  <datafield tag="337" ind1=" " ind2=" ">
   <subfield code="a">unmediated</subfield>
   <subfield code="2">rdamedia</subfield>
  </datafield>
  <datafield tag="338" ind1=" " ind2=" ">
   <subfield code="a">volume</subfield>
   <subfield code="2">rdacarrier</subfield>
  </datafield>
  <datafield tag="490" ind1="0" ind2=" ">
   <subfield code="a">Issue analysis</subfield>
  </datafield>
  <datafield tag="500" ind1=" " ind2=" ">
   <subfield code="a">Cover title: &quot;A compilation of the 27 issues of Issue analysis from 2005 to the present&quot;--P.1.</subfield>
  </datafield>
  <datafield tag="505" ind1="0" ind2=" ">
   <subfield code="a">Enrile's revised EDSA history / Luis V. Teodoro -- Pro-people policies needed / Luis V. Teodoro -- Government by repression -- Only a solution beyond the political system will solve the crisis of 2005 --Assaulting the truth --Arroyo's Ramos agenda -- Cha-cha favors the elite and the US -- The falsehood commission -- People power and the military -- The United States role in the political crisis : a neocolony, not a sovereign state / by Luis V. Teodoro -- Uncertain future -- Repeating history --Th Enemy within -- Killings a state policy -- Target: all of the media -- The VFA: a threat to all Filipinos -- Cha-cha 2006 : a closer look at the promises of parliamentarism -- Regulating mass media through proclamation 1017 / by Ben Lim -- Extra-judicial killings and sham investigation -- Self-serving interests at stake in cha-cha -- Is Arroyo pre-empting European rights misssion's work? -- Disasters and faculty governance -- Human rights and the quest for justice -- Loyalty to the commander-in-chief, above all else -- Desperate times -- After the con-ass debacle, the elections -- Two versions of the political economy.</subfield>
  </datafield>
  <datafield tag="651" ind1=" " ind2="0">
   <subfield code="a">Philippines</subfield>
   <subfield code="x">Politics and government</subfield>
   <subfield code="y">21st century.</subfield>
  </datafield>
  <datafield tag="700" ind1="1" ind2=" ">
   <subfield code="a">Lumbera, Bienvenido.</subfield>
  </datafield>
  <datafield tag="710" ind1="2" ind2=" ">
   <subfield code="a">Center for People Empowerment in Governance.</subfield>
   <subfield code="b">Policy Study, Publication and Advocacy.</subfield>
  </datafield>
  <datafield tag="905" ind1=" " ind2=" ">
   <subfield code="a">FI</subfield>
  </datafield>
  <datafield tag="950" ind1=" " ind2=" ">
   <subfield code="a">Monograph</subfield>
  </datafield>
  <datafield tag="852" ind1="0" ind2=" ">
   <subfield code="a">UPMNL</subfield>
   <subfield code="b">CASM</subfield>
   <subfield code="h">DS 686.614</subfield>
   <subfield code="i">A15 2007</subfield>
  </datafield>
  <datafield tag="942" ind1=" " ind2=" ">
   <subfield code="a">Book</subfield>
  </datafield>
 </record>
</collection>
